00733 a2200217 4500003000500000005001700005010001600022020001500038040000900053082001300062245007000075250001200145260005300157300003400210500008300244650003100327700002200358942001200380999001900392952010400411Nust20170207153137.0 a 94003485 a0131022784 cNust00a621.319200aBasic electric circuit analysis /cDavid E. Johnson ... [et al.]. a5th ed. aEnglewood Cliffs, N.J. :bPrentice Hall,cc1995. axiv, 752 p. :bill. ;c24 cm. aRev. ed. of: Basic electric circuit analysis / David E, Johnson. 4th ed. 1990. 0aElectric circuit analysis.1 aJohnson, David E. 2ddccBK c179923d179923 00102ddc40708NFICaMCSbMCSd2016-12-12l0o621.3192 JOHpMCS28053r2016-12-08w2016-12-12yBK